Administración Pública (Registro nro. 4199)

Detalles MARC
000 -LEADER
fixed length control field 01451 a2200193 4500
001 - CONTROL NUMBER
control field 46472
005 - DATE AND TIME OF LATEST TRANSACTION
control field 20260407155736.0
008 - FIXED-LENGTH DATA ELEMENTS--GENERAL INFORMATION
fixed length control field 260407a1967 arg spa d
003 - CONTROL NUMBER IDENTIFIER
control field AR-UNSa-BCEJYS
040 ## - CATALOGING SOURCE
Original cataloging agency AR-UNSa-BCEJYS
Language of cataloging spa
Transcribing agency AR-UNSa-BCEJYS
080 ## - UNIVERSAL DECIMAL CLASSIFICATION NUMBER
Universal Decimal Classification number 35
Common auxiliary subdivision Administración Pública
100 1# - MAIN ENTRY--PERSONAL NAME
Personal name Waldo, Dwight
245 10 - TITLE STATEMENT
Title Administración Pública
Name of part/section of a work la función administrativa, los sistemas de organización y otros aspectos
264 #1 - PRODUCTION, PUBLICATION, DISTRIBUTION, MANUFACTURE, AND COPYRIGHT NOTICE
Place of production, publication, distribution, manufacture México :
Name of producer, publisher, distributor, manufacturer Trillas
Date of production, publication, distribution, manufacture, or copyright notice 1967
300 ## - PHYSICAL DESCRIPTION
Extent 530 p.
Dimensions 24 cm.
505 ## - FORMATTED CONTENTS NOTE
Formatted contents note 1. El papel de la administración en la sociedad moderna – 2. La materia de la burocracia – 3. ¿En que se diferencian la administración pública y la privada? – 4. El estudio de la administración pública – 5. Teoría de la organización : el género – 6. Teoría de la administración : algunas variedades – 7. Niveles y relaciones reciprocas – 8. Valores en conflicto y tendencias emergentes – 9. Enseñanza y reclutamiento – 10. Clasificación – 11. Organización para la administración del personal – 12. Progresos de la “idea presupuesto” – 13. Desenvolvimiento de la teoría presupuestaria – 14. El jefe ejecutivo – 15. Dirección y administración del departamental – 16. Moral y jefatura o dirección – 17. Planeamiento – 18. Índole y medición de la eficiencia – 19. Responsabilidad administrativa en una democracia.
590 ## - LOCAL NOTE (RLIN)
Local note niveau_biblio:m niveau_hierar:0
942 ## - ADDED ENTRY ELEMENTS (KOHA)
Koha item type
Existencias
Withdrawn status Lost status Damaged status Not for loan Home library Current library Shelving location Date acquired Total checkouts Full call number Barcode Date last seen Price effective from Koha item type
        Biblioteca Prof. Eusebio Cleto del Rey Biblioteca Prof. Eusebio Cleto del Rey   07/04/2026   35 W165 L22483 07/04/2026 07/04/2026 Libro
        Biblioteca Prof. Eusebio Cleto del Rey Biblioteca Prof. Eusebio Cleto del Rey   07/04/2026   35 W165 L22484 07/04/2026 07/04/2026 Libro
        Biblioteca Prof. Eusebio Cleto del Rey Biblioteca Prof. Eusebio Cleto del Rey   07/04/2026   35 W165 L26745 07/04/2026 07/04/2026 Libro